Infrastructure in the new era (Record no. 112432)
[ view plain ]
| 000 -LEADER | |
|---|---|
| fixed length control field | 01580cad a22002295a 4500 |
| 001 - CONTROL NUMBER | |
| control field | L153241 |
| 008 - FIXED-LENGTH DATA ELEMENTS--GENERAL INFORMATION | |
| fixed length control field | 110629s2011 xxk f 000 0 eng d |
| 035 ## - SYSTEM CONTROL NUMBER | |
| System control number | (Sirsi) u153241 |
| 041 0# - LANGUAGE CODE | |
| Language code of text/sound track or separate title | eng |
| 110 2# - MAIN ENTRY--CORPORATE NAME | |
| Corporate name or jurisdiction name as entry element | Pinsent Masons |
| 9 (RLIN) | 5118 |
| 245 00 - TITLE STATEMENT | |
| Title | Infrastructure in the new era |
| Medium | [electronic resource] |
| 260 ## - PUBLICATION, DISTRIBUTION, ETC. | |
| Place of publication, distribution, etc. | [S.l.] |
| Name of publisher, distributor, etc. | Pinsent Masons |
| Date of publication, distribution, etc. | 2011 |
| 520 ## - SUMMARY, ETC. | |
| Summary, etc. | This report follows the 2009 report 'Never waste a good crisis' by seeking to understand the key drivers for the infrastructure sector making considerably better progress than many other sectors of the construction industry in its attempts to reform and improve; presents a manifesto for further improvement in the infrastructure sector which is a key part of the construction industry. Constructing Excellence and Pinsent Masons set out to engage with the clients, consultants and supply chain contractors, specialists, product manufacturers, suppliers within the infrastructure sector to examine the approach being taken towards collaborative working and to understand their views to implementing change to the way in which infrastructure assets are procured, delivered and managed, particularly in the current economic climate. |
| 590 ## - LOCAL NOTE (RLIN) | |
| Local note | KA NTK |
| 651 #4 - SUBJECT ADDED ENTRY--GEOGRAPHIC NAME | |
| Geographic name | United Kingdom |
| Chronological subdivision | |
| 690 ## - LOCAL SUBJECT ADDED ENTRY--TOPICAL TERM (OCLC, RLIN) | |
| Topical term or geographic name as entry element | BUILT ENVIRONMENT-CONSTRUCTION MARKET |
| 690 ## - LOCAL SUBJECT ADDED ENTRY--TOPICAL TERM (OCLC, RLIN) | |
| Topical term or geographic name as entry element | Procurement |
| 9 (RLIN) | 6260 |
| 690 ## - LOCAL SUBJECT ADDED ENTRY--TOPICAL TERM (OCLC, RLIN) | |
| Topical term or geographic name as entry element | BUILT ENVIRONMENT-CONSTRUCTION MANAGEMENT |
| 710 1# - ADDED ENTRY--CORPORATE NAME | |
| Corporate name or jurisdiction name as entry element | Constructing Excellence |
| 9 (RLIN) | 4740 |
| 856 40 - ELECTRONIC LOCATION AND ACCESS | |
| Uniform Resource Identifier | <a href="https://www.pinsentmasons.com/pdf/InfrastructureInNewEra.pdf">https://www.pinsentmasons.com/pdf/InfrastructureInNewEra.pdf</a> |
| Public note | View the item free of charge at www.pinsentmasons.com |
| 942 ## - ADDED ENTRY ELEMENTS (KOHA) | |
| Suppress in OPAC | 0 |
| Withdrawn status | Lost status | Source of classification or shelving scheme | Damaged status | Not for loan | Home library | Current library | Shelving location | Date acquired | Total Checkouts | Full call number | Barcode | Date last seen | Copy number | Price effective from | Koha item type |
|---|---|---|---|---|---|---|---|---|---|---|---|---|---|---|---|
| Dewey Decimal Classification | Virtual | Virtual | Online | 29/06/2011 | ONLINE PUBLICATION | 153241-2001 | 06/08/2019 | 1 | 06/08/2019 | Book |